000 00380nam a2200121Ia 4500
008 240731s9999 xx 000 0 und d
022 _a1096-4657
245 0 _aExperimental Aging Research : An International Journal Devoted to the Scientific Study of the Aging Process
260 _bRoutledge
856 _uhttps://www.tandfonline.com/loi/uear20
942 _2ddc
942 _cTFEJ
999 _c76559
_d76559
945 _a1
_bMadushi Gamage
_c1
_dMadushi Gamage